000 00591nam a2200217Ia 4500
005 20260219102744.0
008 008 250917s9999 xx 000 0 eng d
020 _a978-93--91844-16-5
037 _cDSWL
040 _aDSWL
_beng
_cDSWL
041 _aeng
_2eng
084 _qDSWL
100 _aChaudhuri, S K
_91116275
245 0 _aUnderstanding Tribes of Northeast India
260 _aNew Delhi,
_bSerials Publication,
_c2022
300 _axxiii,308p.
365 _aINR
_b1595
700 _aTame Ramya &Ratna Taygi
_9846281
942 _cTEXL
_2CC
999 _c1463756
_d1463756